Szegedi tudósok külföldön (Rövid hír)
Elmentve itt :
| Dokumentumtípus: | Cikk |
|---|---|
| Megjelent: |
1973-09-22
|
| Sorozat: | Délmagyarország
63 No. 222 |
| Kulcsszavak: | Külföldi tanulmányút |
| Online Access: | http://dmarchiv.bibl.u-szeged.hu/88570 |
| LEADER | 00423nab a2200145 i 4500 | ||
|---|---|---|---|
| 001 | delm88570 | ||
| 005 | 20190329102533.0 | ||
| 008 | 190329s1973 hu o 0|| hun d | ||
| 040 | |a SZTE Délmagyarország Archívum |b hun | ||
| 041 | |a hun | ||
| 245 | 0 | 0 | |a Szegedi tudósok külföldön (Rövid hír) |h [elektronikus dokumentum] |
| 260 | |c 1973-09-22 | ||
| 300 | |a 8 | ||
| 490 | 0 | |a Délmagyarország |v 63 No. 222 | |
| 695 | |a Külföldi tanulmányút | ||